Multiple Choice City Quiz – Quebec City - Statistics

General Stats
  • This quiz has been taken 78 times
    28 since last reset
  • The average score is 7 of 10
Answer Stats
Question Answer % Correct
What is Québec City's most famous hotel? Château Frontenac
88%
What was Québec City's NHL hockey team that relocated to Denver in 1995? Nordiques
88%
Which of these images depicts that hotel?
84%
What is the nearest U.S. state to Québec City? Maine
72%
What was the first French-language university in North America? Laval
68%
Which of these attractions is NOT found in Québec City? The Biosphere
68%
What city is located on the other side of the St. Lawrence River from Québec City? Lévis
64%
What island is connected to Québec City by bridge? Orléans
52%
What is Québec City's downtown borough called? La Cité-Limoilou
44%
Which of these rivers flows through the middle of the city? St. Charles River
44%
No matching quizzes found
Score Distribution
Percent of People with Each Score
Percentile by Number Answered
Your Score History
You have not taken this quiz since the last reset